Differential Perception And Adolescent Drinking In The United States: Preliminary Considerations

This paper addresses adolescent drinking from a perspective very similar to Sutherland's differential association theory. Drinking occurs when positive perceptions of drinking outweigh or outnumber negative ones. Our research focuses on images of drinking communicated by rationalized sources or...

Ausführliche Beschreibung

Gespeichert in:  
Bibliographische Detailangaben
VerfasserInnen: Harms, John B. (Verfasst von) ; Wolk, James L. (Verfasst von)
Medienart: Elektronisch Buch
Sprache:Englisch
Veröffentlicht: 1990
In:Jahr: 1990
Online-Zugang: Volltext (kostenfrei)
Verfügbarkeit prüfen: HBZ Gateway

MARC

LEADER 00000cam a22000002c 4500
001 1866325019
003 DE-627
005 20250127054850.0
007 cr uuu---uuuuu
008 231019s1990 xx |||||o 00| ||eng c
035 |a (DE-627)1866325019 
035 |a (DE-599)KXP1866325019 
040 |a DE-627  |b ger  |c DE-627  |e rda 
041 |a eng 
084 |a 2,1  |2 ssgn 
100 1 |a Harms, John B.  |e VerfasserIn  |4 aut 
245 1 0 |a Differential Perception And Adolescent Drinking In The United States: Preliminary Considerations 
264 1 |c 1990 
336 |a Text  |b txt  |2 rdacontent 
337 |a Computermedien  |b c  |2 rdamedia 
338 |a Online-Ressource  |b cr  |2 rdacarrier 
520 |a This paper addresses adolescent drinking from a perspective very similar to Sutherland's differential association theory. Drinking occurs when positive perceptions of drinking outweigh or outnumber negative ones. Our research focuses on images of drinking communicated by rationalized sources organized specifically to shape perceptions of drinking. We call these organizations agencies and assess their impact on perceptions of drinking. It is our contention that the political economic context of the United States in which these agencies function is such that positive images of drinking outnumber and outweigh negative ones, and that this is an important factor contributing to adolescent drinking 
700 1 |a Wolk, James L.  |e VerfasserIn  |4 aut 
856 4 0 |u https://core.ac.uk/download/144156504.pdf  |x Verlag  |z kostenfrei  |3 Volltext  |7 0 
935 |a mkri 
951 |a BO 
ELC |a 1 
LOK |0 000 xxxxxcx a22 zn 4500 
LOK |0 001 4392970744 
LOK |0 003 DE-627 
LOK |0 004 1866325019 
LOK |0 005 20231019043657 
LOK |0 008 231019||||||||||||||||ger||||||| 
LOK |0 035   |a (DE-2619)CORE46622081 
LOK |0 040   |a DE-2619  |c DE-627  |d DE-2619 
LOK |0 092   |o n 
LOK |0 852   |a DE-2619 
LOK |0 852 1  |9 00 
LOK |0 935   |a core 
LOK |0 939   |a 19-10-23  |b l01 
OAS |a 1 
ORI |a SA-MARC-krimdoka001.raw